Normal view
MARC view
- Labovitz, G, Mosanshy, V, Chang, Yu Sang
Entry Personal Name
001 - CONTROL NUMBER
- control field: 67460
003 - CONTROL NUMBER IDENTIFIER
- control field: NUST
005 - DATE AND TIME OF LATEST TRANSACTION
- control field: 20210628203828.0
008 - FIXED-LENGTH DATA ELEMENTS
- fixed length control field: 210628|| aca||aabn | a|a d
040 ## - CATALOGING SOURCE
- Original cataloging agency: NUST
- Transcribing agency: NUST
100 ## - HEADING--PERSONAL NAME
- Personal name: Labovitz, G, Mosanshy, V, Chang, Yu Sang
670 ## - SOURCE DATA FOUND
- Source citation: Work cat.: (NUST): Labovitz, G, Mosanshy, V, Chang, Yu Sang, Making quality work, a leadership guide for the result driven manager, 1992
